Water resources management: (Record no. 145914)

MARC details
000 -LEADER
fixed length control field 00778nam a22001937a 4500
005 - DATE AND TIME OF LATEST TRANSACTION
control field 20180618151647.0
010 ## - LCCN (DPL NO)
LC control number 1718EN-30 B-686576-577
020 ## - INTERNATIONAL STANDARD BOOK NUMBER
International Standard Book Number 9789382968528
Terms of availability 850.00
035 ## - SYSTEM CONTROL NUMBER
System control number B-686576-577
037 ## - SOURCE OF ACQUISITION
Source of stock number/acquisition Pansy Books
Stock number dpl
082 ## - DEWEY DECIMAL CLASSIFICATION NUMBER
Classification number 333.91395485
100 ## - MAIN ENTRY--PERSONAL NAME
Personal name Surasi Krishna
245 ## - TITLE STATEMENT
Title Water resources management:
Statement of responsibility, etc by Surasi Krishna
Remainder of title functioning of water users Association /
260 ## - PUBLICATION, DISTRIBUTION, ETC. (IMPRINT)
Place of publication, distribution, etc New Delhi
Name of publisher, distributor, etc Avni Pub.
Date of publication, distribution, etc 2016
270 ## - ADDRESS
Address RZ-45D, Street No.2, Main Sagarpur,
City New Delhi
Postal code 110046
300 v# - PHYSICAL DESCRIPTION
Extent 206p.
Dimensions 23cm(Hb)
942 ## - ADDED ENTRY ELEMENTS (KOHA)
Source of classification or shelving scheme Dewey Decimal Classification
Item type English Books
Call number suffix SUR
Classification part 333.91395485
Holdings
Withdrawn status Lost status Not for loan Collection code Home library Current library Date acquired Source of acquisition Cost, normal purchase price Full call number Barcode Copy number Cost, replacement price Koha item type
      Non-fiction Ashok Vihar Ashok Vihar 18/06/2018 Pansy books-1700/5.12.17/669/20.11.17/6.1.18 850.00 333.91395485 SUR B-686577 1 850.00 English Books
      Non-fiction Central Library Central Library 18/06/2018 Pansy books-1700/5.12.17/669/20.11.17/6.1.18 850.00 333.91395485 SUR B-686576 1 850.00 English Books

© Delhi Public Library
Hit Counter
free hit counter